00501nam a22001937a 450000500170000001000110001702000100002803500110003803700160004904000120006508200150007710000210009224500580011326000520017127000190022330000210024265000210026365000230028420170124105925.0 a001571 c00.00 a001571 bCen Lib/Ret aDPLbEN a027.7bRAN aRanganathan,S.R. aSchool and college libraries /cby S. R. Ranganathan aMadrasbThe Madras Library Assooociation c1942 aMadrasbMadras a432p. c20cm(Hb) aSchool libraries aAcademic libraries